Top 5 comuni più popolosi per provincia - Lombardia - Statistics

Statistiche generali
  • Questo quiz è stato fatto 223 volte
  • Il punteggio medio è 32 su 60
Statistiche sulle risposte
Provincia Comuni N° abitanti % Corretto
Bergamo Bergamo 120.504
95%
Brescia Brescia 198.688
93%
Milano Milano 1.371.850
93%
Como Como 83.799
92%
Lecco Lecco 47.145
92%
Monza e Brianza Monza 123.121
92%
Pavia Pavia 71.383
92%
Cremona Cremona 71.094
90%
Lodi Lodi 45.192
89%
Lodi Vecchio 7.668
89%
Mantova Mantova 49.218
88%
Sondrio Sondrio 21.244
88%
Varese 78.819
88%
Rho 50.847
82%
Sesto San Giovanni 78.565
82%
Varese Busto Arsizio 83.439
78%
Cinisello Balsamo 74.946
75%
Crema 33.920
75%
Vigevano 62.614
68%
Treviglio 31.095
64%
Desenzano del Garda 29.251
62%
Cantù 40.023
60%
Gallarate 53.257
60%
Seregno 45.009
58%
Desio 41.609
56%
Voghera 39.111
56%
Erba 16.238
50%
Saronno 38.591
50%
Dalmine 23.618
48%
Legnano 60.443
48%
Lissone 46.741
48%
Calolziocorte 13.608
45%
Montichiari 26.367
45%
Morbegno 12.282
45%
Tirano 8.848
45%
Casalpusterlengo 15.608
44%
Livigno 6.802
44%
Codogno 15.674
43%
Seriate 25.560
43%
Merate 14.885
38%
Lumezzane 21.576
37%
Mariano Comense 25.425
37%
Castiglione delle Stiviere 23.855
35%
Olgiate Comasco 11.988
32%
Cesano Maderno 39.549
30%
Mortara 15.500
30%
Romano di Lombardia 20.755
30%
Sant'Angelo Lodigiano 13.449
30%
Valmadrera 11.311
30%
Chiavenna 7.257
29%
Suzzara 21.157
29%
Palazzolo sull'Oglio 20.264
28%
Casalmaggiore 15.173
26%
Soresina 9.062
25%
Stradella 11.461
25%
Casatenovo 13.280
22%
Viadana 19.944
22%
Cassano Magnago 21.328
18%
Castelleone 9.319
16%
Porto Mantovano 16.667
8%
Nessun quiz corrispondente trovato
Distribuzione punteggi
Percentuale di utenti per punteggio
Percentile per numero di risposta
I tuoi punteggi nel tempo
Non hai fatto questo quiz